000 00324nam a2200157Ia 4500
100 _aSanders/William B
650 _aASP.NET
942 _cBK
366 _f25
654 _amobile
245 _aASP.NET 3.5
260 _bTata McGraw Hil
_c2009
082 _a5.133
_bSAN
300 _a448
546 _aENGLISH
_cPAMPHALETS
999 _c18906
_d18906